Time Is Running Out Lyrics - Statistics

Statistiche generali
  • Questo quiz è stato fatto 16 volte
  • Il punteggio medio è 155 su 261
Statistiche sulle risposte
Risposta % Corretto
I
100%
i
100%
a
91%
You
91%
you
91%
i'm
82%
is
82%
out
82%
running
82%
the
82%
think
82%
this
82%
time
82%
it
73%
that
73%
wanna
73%
be
64%
break
64%
created
64%
drowning
64%
me
64%
of
64%
our
64%
something
64%
to
64%
you've
64%
beautiful
55%
can't
55%
come
55%
did
55%
screaming
55%
spell
55%
underground
55%
you're
55%
And
45%
and
45%
asphyxiated
45%
but
45%
contradiction
45%
death
45%
friction
45%
How
45%
life
45%
Now
45%
push
45%
stop
45%
want
45%
will
45%
Bury
36%
bury
36%
give
36%
let
36%
smother
36%
suck
36%
won't
36%
Yeah
36%
addicted
27%
breaking
27%
dream
27%
elation
27%
fixation
27%
freedom
27%
game
27%
know
27%
murder
27%
never
27%
play
27%
restricted
27%
sense
27%
trapped
27%
tried
27%
You'd
27%
bound
18%
up
18%
wanted
18%
squeeze
0%
Nessun quiz corrispondente trovato
Distribuzione punteggi
Percentuale di utenti per punteggio
Percentile per numero di risposta
I tuoi punteggi nel tempo
Non hai fatto questo quiz